00696nam a22001337a 450000500170000002000180001708200130003524500400004826000350008830000180012350400660014152003270020765000280053420260701161027.0 a9781529375992 a006.3KIS aThe age of AIband our human future aNew YorkbBack Bay Booksc2022 a266p. ; 21 cm aIncludes bibliographical references (pages 241-251) and index aGenerative AI is filling the internet with false information. Artists, writers, and many other professionals are in fear of their jobs. AI is discovering new medicines, running military drones, and transforming the world around us—yet we do not understand the decisions it makes, and we don’t know how to control them. aArtificial intelligence